| 000 | 00827cab a2200229 4500 | ||
|---|---|---|---|
| 001 | ABS46601 | ||
| 008 | 090401t1992 xxu||||| |||| 00| 0 eng d | ||
| 035 | _a(Sirsi) u58832 | ||
| 041 | _aeng | ||
| 100 | _aSimpson, P. | ||
| 245 | _aScottish rent reviews: is time of the essence? | ||
| 260 | _c1992 | ||
| 350 | _a0 | ||
| 490 |
_aRent Review & Lease Renewal _v12(3) Spring 1992, 221-226(4) |
||
| 520 | _aDiscusses the case "Visionhire Ltd v Britel Fund Trustees Ltd" (Abs46109) which affirmed that time is not of the essence in Scottish leases, comparing it to the equivalent English case "Phipps-Faire Ltd v Malbern Construction Ltd" (Abs37710). | ||
| 650 | _aRENT REVIEW | ||
| 650 | _aSCOTLAND | ||
| 650 | _aTIME OF THE ESSENCE | ||
| 690 | _aLANDLORD AND TENANT-RENT REVIEWS | ||
| 942 | _n0 | ||
| 948 | _c04/03/1997 | ||
| 999 |
_c35975 _d35975 |
||